| 000 | 01086nam a2200277Ia 4500 | ||
|---|---|---|---|
| 003 | OSt | ||
| 005 | 20221005110330.0 | ||
| 006 | a|||||r|||| 00| 0 | ||
| 007 | ta | ||
| 008 | 221004b |||||||| |||| 00| 0 hin d | ||
| 020 |
_a9788179759554 (hbk) _cINR 1200.00 |
||
| 024 | _a42582 | ||
| 037 |
_b57, 20/02/2019, Mallika Books _cTextual |
||
| 040 |
_aCRL _cCRL _bhin |
||
| 041 |
_2hin _ahin |
||
| 082 | _aO152:g(4), Q9 | ||
| 100 | _aचतुर्वेदी, जगदीश्वर, ले. | ||
| 245 | 0 | _aआधुनिकतावाद, साहित्य और मीडिया | |
| 246 | _aĀdhunikatāvāda, sāhitya aur mīḍiyā | ||
| 260 |
_aनई दिल्ली _bअनामिका पब्लिशर्स भारत _c2019 |
||
| 300 |
_a460पृ0 _ccm. |
||
| 650 | _a पत्रकारिता | ||
| 650 | _aहिन्दी साहित्य | ||
| 942 |
_hO152:g(4), Q9 _cTEXL _2cc |
||
| 999 |
_c1018477 _d1018477 |
||